| 000 | 00677nam a22002297a 4500 | ||
|---|---|---|---|
| 005 | 20170124105928.0 | ||
| 010 | _aB-017742 | ||
| 020 |
_c00.00 _a8176481742 |
||
| 035 | _aB-017742 | ||
| 037 | _bCen Lib/Ret | ||
| 040 |
_aDPL _bEN |
||
| 082 |
_a305.4 _bSUD |
||
| 100 |
_aSudha,D.K. _97626 |
||
| 245 |
_aGender roles / _cby D.K.Sudha |
||
| 260 |
_aNew Delhi _bA.P.H. Publishing corporation _c2000 |
||
| 270 |
_a5, Ansari Road Darya Ganj _bNew Delhi _e110002 |
||
| 300 |
_axiii,265p. _c21cm(Hb) |
||
| 500 | _aIncludes bibliographical reference and index | ||
| 650 |
_aSex role _97627 |
||
| 650 |
_aWomen--Employment _97628 |
||
| 942 |
_2ddc _cEN _h305.4 _mSUD |
||
| 999 |
_c123668 _d123668 |
||